00544 2200193 4500001002100000005001800021008004100039020001800080035002400098090002200122100002300144245003900167250001600206260003400222300003300256650003100289850001500320999001500335YOGYA-0211000000147120110202085129639 ind  a979-533-273-2 0010-021100000001471 aDEP 001.642 Mun P aMunadi, Suprayitno aPerhitungan matriks dengan fortran aEd.1, Cet.2 aYogyakartabAndi Offsetc1995 aViii, 202 hlm.; ilus.; 23 cm aFortran (Program Komputer) aYOPDYOG[B] a96D0023998